000 01351cam a2200265 4500
001 ABS65738
008 020725n2002 000 0 eng u
035 _a(Sirsi) u119046
100 _aOrgan, J.
245 _aChange now, or have change thrust upon you
260 _c2002
490 _aEstates Gazette
_v(0217) 27 April 2002, 146-149(3)
520 _aDetailed explanation of the new code of practice on commercial leases (ISBN 1842190989). The code is voluntary but if landlords fail to comply it is likely to become law. Outlines the code's requirements and stresses that the code only applies to new lettings and will not affect existing lease arrangements. In particular discusses the choice of lease term, upward only rent reviews, repairing obligations, and the range of alternative terms offered to prospective tenants. Also summarises lease-pricing variables, management considerations, and what landlord's offers should include. Tables showing rental premiums, and average lease lengths.
590 _aABS
650 _aCOMMERCIAL LEASES
650 _aCODE OF PRACTICE
650 _aFLEXIBILITY
650 _aRENT REVIEWS
650 _aUPWARD ONLY RENT REVIEWS
650 _aREPAIRING OBLIGATIONS
650 _aLEASE TERM
650 _aLEASE LENGTH
690 _aLANDLORD AND TENANT-BUSINESS TENANCIES
942 _n0
999 _c70817
_d70817